名前に「鉄」がつく駅 - Statistics

General Stats
  • This quiz has been taken 106 times
  • The average score is 28 of 49
Answer Stats
Hint Answer % Correct
名鉄名古屋本線 名鉄名古屋
94%
近鉄名古屋線 近鉄名古屋
93%
近鉄名古屋線近鉄湯の山線 近鉄四日市
90%
近鉄奈良線 近鉄奈良
90%
東京メトロ有楽町線東京メトロ副都心線 地下鉄成増
88%
東京メトロ有楽町線東京メトロ副都心線 地下鉄赤塚
86%
名鉄名古屋本線名鉄各務原線 名鉄岐阜
84%
名鉄名古屋本線名鉄尾西線 名鉄一宮
81%
西鉄天神大牟田線 西鉄福岡(天神)
80%
西鉄天神大牟田線 西鉄久留米
76%
近鉄名古屋線 近鉄弥富
75%
西鉄天神大牟田線西鉄太宰府線 西鉄二日市
74%
近鉄名古屋線 近鉄八田
73%
近鉄名古屋線三岐鉄道三岐線 近鉄富田
71%
近鉄名古屋線 近鉄蟹江
70%
近鉄難波線 近鉄日本橋
70%
富山地方鉄道本線 電鉄富山
68%
近鉄名古屋線 近鉄長島
65%
近鉄大阪線 近鉄八尾
65%
近鉄御所線 近鉄御所
65%
ニューシャトル 鉄道博物館
64%
北陸鉄道浅野川線 北鉄金沢
64%
近鉄橿原線 近鉄郡山
59%
近鉄京都線 近鉄丹波橋
55%
西鉄天神大牟田線 西鉄柳川
55%
名鉄常滑線 新日鉄前
54%
西鉄貝塚線 西鉄新宮
53%
西鉄貝塚線 西鉄香椎
51%
富山地方鉄道本線 電鉄魚津
51%
富山地方鉄道本線 電鉄黒部
51%
神鉄有馬線 神鉄六甲
51%
西鉄貝塚線 西鉄千早
49%
近鉄京都線 近鉄宮津
48%
西鉄天神大牟田線 西鉄小郡
48%
近鉄大阪線 近鉄下田
46%
一畑電車北松江線 電鉄出雲市
46%
神鉄三田線 神鉄道場
44%
西鉄天神大牟田線 西鉄銀水
43%
近鉄御所線 近鉄新庄
41%
西鉄太宰府線 西鉄五条
40%
西鉄天神大牟田線 西鉄平尾
34%
門司港レトロ観光線 九州鉄道記念館
34%
西鉄天神大牟田線 西鉄渡瀬
33%
富山地方鉄道富山軌道線 電鉄富山駅・エスタ前
31%
ひたちなか海浜鉄道 高田の鉄橋
28%
西鉄天神大牟田線 西鉄中島
25%
富山地方鉄道本線 電鉄石田
24%
伊予鉄道市内線 鉄砲町
19%
富山地方鉄道富山軌道線 地鉄ビル前
18%
No matching quizzes found
Score Distribution
Percent of People with Each Score
Percentile by Number Answered
Your Score History
You have not taken this quiz